[Event "9th Semana Santa Alicante"]
[Site "San Vicente ESP"]
[Date "2025.04.17"]
[Round "3.12"]
[White "Li, Guohao"]
[Black "Camacho Collados, Marcos"]
[Result "0-1"]
[BlackTitle "IM"]
[WhiteElo "2356"]
[BlackElo "2468"]
[WhiteFideId "8619999"]
[BlackFideId "2266237"]
[EventDate "2025.04.16"]

1. d4 Nf6 2. Nf3 e6 3. c4 Bb4+ 4. Nbd2 d5 5. a3 Be7 6. g3 c5 7. cxd5 Qxd5 8.
dxc5 e5 9. e4 Qxc5 10. b4 Qc3 11. Rb1 Bg4 12. Bb2 Bxf3 13. Qa4+ Qc6 14. Bb5 Bxh1
15. Bxc6+ Nxc6 16. f3 O-O 17. b5 Nb8 18. Ke2 Bg2 19. Nc4 Nbd7 20. Nxe5 Nc5 21.
Qc4 Rac8 22. Rc1 Bh3 23. g4 Rc7 24. Nd3 Rfc8 25. Qa2 Nxd3 26. Rxc7 Rxc7 27. Kxd3
Bf1+ 28. Ke3 Bxb5 29. Be5 Rd7 30. a4 Bc6 31. h4 Bc5+ 32. Kf4 Ne8 33. g5 Nc7 34.
h5 Ne6+ 35. Kf5 Rd3 36. Qe2 Nd4+ 37. Bxd4 Rxd4 38. g6 hxg6+ 39. hxg6 fxg6+ 40.
Kxg6 Be8+ 41. Kg5 Rxa4 42. f4 Be7+ 43. Kg4 Bd7+ 44. Kg3 Bc6 45. e5 Ra3+ 46. Kh2
Rf3 47. Qc4+ Kf8 48. Kg1 a5 49. Qd4 a4 50. e6 Rg3+ 51. Kh2 Rg6 52. Qe5 a3 53. f5
Rf6 54. Kg3 Be8 55. Kg4 b5 56. Qh2 Rh6 57. Qc2 b4 58. Kf4 Rh4+ 59. Ke5 Rh3 60.
Qg2 Rh5 61. Qc2 g6 62. Ke4 Rxf5 63. Qh2 Bf6 64. Qd6+ Kg8 65. Qa6 b3 66. Qxa3 b2
67. Qa2 Rb5 68. Qb1 Kg7 0-1

[Event "9th Semana Santa Alicante"]
[Site "San Vicente ESP"]
[Date "2025.04.17"]
[Round "3.13"]
[White "Trigo Urquijo, Sergio"]
[Black "Alonso Garcia, Aaron"]
[Result "1/2-1/2"]
[WhiteTitle "FM"]
[BlackTitle "IM"]
[WhiteElo "2354"]
[BlackElo "2462"]
[WhiteFideId "2262436"]
[BlackFideId "24521060"]
[EventDate "2025.04.16"]

1. c4 b6 2. Nf3 Bb7 3. g3 c5 4. Bg2 g6 5. d4 cxd4 6. Qxd4 Nf6 7. Nc3 d6 8. b3
Bg7 9. Bb2 O-O 10. O-O Nbd7 11. Rac1 Rc8 12. Rfd1 a6 13. Ne1 Qc7 14. Nd5 Bxd5
15. cxd5 Qb7 16. Nd3 a5 17. Rc6 Nc5 18. Qc4 Nfd7 19. Bxg7 Kxg7 20. Nxc5 Nxc5 21.
h4 h5 22. a3 f6 23. b4 axb4 24. axb4 b5 25. Qd4 Nd7 26. f4 Nb8 27. Qb6 Qa8 28.
Rxc8 Rxc8 29. Qxb5 Qa7+ 30. Kh2 Nd7 31. Qd3 f5 32. Qd4+ Qxd4 33. Rxd4 Rc2 34.
Bf3 Nb8 35. Kg1 Rb2 36. e4 Na6 37. exf5 gxf5 38. Bxh5 Rxb4 39. Rxb4 Nxb4 40. Bf3
Nd3 41. Kf1 Nc5 42. Ke2 Nd7 43. g4 fxg4 44. Bxg4 Nf6 45. Bf3 Kh6 46. Kd3 Nh5 47.
Ke3 Nf6 48. f5 Nd7 49. Ke4 1/2-1/2

[Event "9th Semana Santa Alicante"]
[Site "San Vicente ESP"]
[Date "2025.04.17"]
[Round "3.14"]
[White "Brodowski, Piotr"]
[Black "Domingo Nunez, Alejandro"]
[Result "1-0"]
[WhiteTitle "IM"]
[BlackTitle "FM"]
[WhiteElo "2461"]
[BlackElo "2339"]
[WhiteFideId "1124480"]
[BlackFideId "22245561"]
[EventDate "2025.04.16"]

1. d4 Nf6 2. c4 e6 3. Nf3 b6 4. a3 Bb7 5. Bf4 d5 6. cxd5 exd5 7. e3 Bd6 8. Bb5+
c6 9. Bxd6 Qxd6 10. Bd3 O-O 11. Nc3 Ba6 12. Bxa6 Nxa6 13. O-O Nc7 14. Rc1 Ne6
15. Qd3 Rfd8 16. Rfd1 Nf8 17. Qa6 N8d7 18. Rc2 Ne8 19. Rdc1 Nc7 20. Qe2 Ne6 21.
h3 h6 22. Qd3 Nf6 23. Na4 Rac8 24. b4 Rc7 25. Ne5 Rdc8 26. Qf5 Nf8 27. Nc3 N8d7
28. Qf4 Nb8 29. g4 Qe7 30. Kg2 Ne8 31. b5 f6 32. Nxc6 Nxc6 33. Nxd5 Qxa3 34.
Nxc7 Nb4 35. Rc3 Qb2 36. Qf5 1-0

[Event "9th Semana Santa Alicante"]
[Site "San Vicente ESP"]
[Date "2025.04.17"]
[Round "3.15"]
[White "Zwirs, Nico"]
[Black "Smirnov, Mark"]
[Result "0-1"]
[WhiteTitle "IM"]
[BlackTitle "FM"]
[WhiteElo "2457"]
[BlackElo "2336"]
[WhiteFideId "1036432"]
[BlackFideId "13764594"]
[EventDate "2025.04.16"]

1. c4 Nf6 2. Nc3 e6 3. d4 Bb4 4. g3 O-O 5. Bg2 d5 6. Nf3 dxc4 7. O-O Nc6 8. Qa4
Nd5 9. Qc2 Rb8 10. e4 Nxc3 11. bxc3 Be7 12. Be3 Na5 13. Rad1 c6 14. Bf4 Bd6 15.
e5 Be7 16. h4 h6 17. Qe2 b5 18. Nd2 b4 19. cxb4 Rxb4 20. Ne4 c3 21. Be3 Nc4 22.
Nxc3 Ba6 23. Bf4 Qa5 24. Qg4 Nxe5 25. dxe5 Bxf1 26. Bxf1 Rxf4 27. Qxf4 Qxc3 28.
Rc1 Qb4 29. Rc4 Qb1 30. Rxc6 Qxa2 31. Ra6 Qd5 32. Rxa7 Bc5 33. Ra4 Rb8 34. Bg2
Bxf2+ 35. Kh2 Qb3 36. Re4 Bc5 37. Re1 Rb4 38. Re4 Rxe4 39. Qxe4 h5 40. Qa8+ Bf8
41. Qe4 g6 42. Kh3 Qb8 43. g4 hxg4+ 44. Kxg4 Bg7 45. Qa8 Qxa8 46. Bxa8 Bxe5 47.
h5 f5+ 48. Kg5 gxh5 49. Bf3 Kg7 50. Bxh5 Bb2 51. Kf4 Kf6 52. Bd1 e5+ 53. Kg3 e4
54. Bc2 Kg5 55. Kf2 Bd4+ 56. Ke2 Kf4 57. Ba4 Ke5 58. Bd7 f4 59. Bg4 Kf6 60. Bd7
f3+ 61. Kf1 e3 62. Bb5 Bc3 0-1

[Event "9th Semana Santa Alicante"]
[Site "San Vicente ESP"]
[Date "2025.04.17"]
[Round "3.16"]
[White "Carbonell Sancho, Marc"]
[Black "Zanan, Evgeny"]
[Result "0-1"]
[WhiteTitle "FM"]
[BlackTitle "GM"]
[WhiteElo "2344"]
[BlackElo "2454"]
[WhiteFideId "32029969"]
[BlackFideId "24101940"]
[EventDate "2025.04.16"]

1. e4 e5 2. Nf3 Nc6 3. Bc4 Nf6 4. d3 Be7 5. O-O O-O 6. Re1 d6 7. c3 Na5 8. Bb5
a6 9. Ba4 b5 10. Bc2 c5 11. h3 Nc6 12. Nbd2 Re8 13. Nf1 h6 14. Ng3 Be6 15. d4
cxd4 16. cxd4 exd4 17. Nxd4 Nxd4 18. Qxd4 Rc8 19. Bb3 d5 20. e5 Bc5 21. Qd3 Ne4
22. Be3 Qh4 23. Bxd5 Nxf2 24. Bxf2 Red8 25. Bxc5 Rxd5 26. Qe4 Qxg3 27. Bf2 Qg5
28. Kh2 Rc4 29. Qf3 Rc2 30. Rad1 Rxd1 31. Rxd1 Qxe5+ 32. Bg3 Qf5 33. Rd8+ Kh7
34. Qa8 Qxh3+ 0-1

[Event "9th Semana Santa Alicante"]
[Site "San Vicente ESP"]
[Date "2025.04.17"]
[Round "3.17"]
[White "Diaz Velandia, Jose Manuel"]
[Black "Mamedov, Edgar"]
[Result "1/2-1/2"]
[WhiteTitle "FM"]
[BlackTitle "IM"]
[WhiteElo "2337"]
[BlackElo "2453"]
[WhiteFideId "3901939"]
[BlackFideId "13739980"]
[EventDate "2025.04.16"]

1. d4 d5 2. Nf3 Nf6 3. e3 c5 4. c3 e6 5. Nbd2 Nbd7 6. Bd3 b6 7. Ne5 Bb7 8. f4
Be7 9. Qf3 O-O 10. O-O Ne8 11. Nxd7 Qxd7 12. g4 Nd6 13. g5 Nf5 14. h4 f6 15. Qh3
a5 16. Rf2 Ba6 17. Bc2 Rac8 18. Nf3 Nd6 19. Rg2 f5 20. Ne5 Qe8 21. Qf3 b5 22. b3
Ne4 23. g6 h6 24. Bxe4 fxe4 25. Qg4 Rf5 26. h5 Rc7 27. Bd2 Qc8 28. a3 a4 29. b4
cxd4 30. cxd4 Bf6 31. Nf7 Qf8 32. Rc1 Rc4 33. Qd1 Bb7 34. Rh2 Qe7 35. Be1 Qc7
36. Rcc2 Ba8 37. Rhg2 Bb7 38. Rh2 Ba8 39. Rhg2 Qb6 40. Bc3 Bb7 41. Bb2 Qc7 42.
Rh2 Bc8 43. Ne5 Bxe5 44. dxe5 Bd7 1/2-1/2

[Event "9th Semana Santa Alicante"]
[Site "San Vicente ESP"]
[Date "2025.04.17"]
[Round "3.18"]
[White "Garrido Outon, Alex"]
[Black "Giannoulakis, Lampros"]
[Result "1/2-1/2"]
[WhiteTitle "IM"]
[BlackTitle "FM"]
[WhiteElo "2450"]
[BlackElo "2325"]
[WhiteFideId "24516279"]
[BlackFideId "4247019"]
[EventDate "2025.04.16"]

1. e4 e5 2. Nf3 Nc6 3. Nc3 Nf6 4. Bb5 Bd6 5. d3 O-O 6. Ba4 a6 7. a3 Re8 8. Bb3
Be7 9. O-O d6 10. h3 h6 11. Be3 Bf8 12. d4 b5 13. d5 Nb8 14. Nd2 1/2-1/2

[Event "9th Semana Santa Alicante"]
[Site "San Vicente ESP"]
[Date "2025.04.17"]
[Round "3.19"]
[White "Raczek, Krzysztof"]
[Black "Garcia Martin, Marta"]
[Result "1/2-1/2"]
[WhiteTitle "IM"]
[BlackTitle "IM"]
[WhiteElo "2448"]
[BlackElo "2323"]
[WhiteFideId "21005303"]
[BlackFideId "32084030"]
[EventDate "2025.04.16"]

1. Nf3 d5 2. g3 Bg4 3. Bg2 c6 4. h3 Bh5 5. O-O Nd7 6. d4 e6 7. c4 Bd6 8. Nc3
Ngf6 9. Qb3 Rb8 10. e4 Nxe4 11. Nxe4 dxe4 12. Ng5 Nf6 13. Nxe4 Nxe4 14. Bxe4 O-O
15. Qd3 f5 16. Bf3 Bxf3 17. Qxf3 e5 18. c5 Bc7 19. dxe5 Bxe5 20. Re1 Qc7 21. Bd2
Rbe8 22. Re2 Qf7 23. Rae1 Bf6 24. Rxe8 Rxe8 25. Rxe8+ Qxe8 26. Qxf5 Bxb2 27. Be3
h6 28. Qg4 Qe7 29. Bxh6 Qxc5 30. Be3 Qe7 31. Qa4 Bf6 32. Qxa7 Qd7 33. h4 Kh7 34.
Kh2 Qe7 35. Qb6 Be5 36. Kg1 Bd6 37. Qb1+ Kh8 38. Bg5 Qf7 39. Be3 b5 40. Qe4 Qd7
41. h5 Bf8 42. Kg2 Kg8 43. g4 c5 44. Bc1 Qf7 45. a3 b4 46. axb4 cxb4 47. Qd4
Qb7+ 48. Kg1 b3 49. Bb2 Qc6 50. Kf1 Qb5+ 51. Kg2 Qc6+ 52. Kg1 Qe6 53. Bc3 Qc6
54. Kf1 Qh1+ 55. Ke2 Qh2 56. Kf3 Qh1+ 57. Kg3 Qc6 58. Kh3 Qh1+ 59. Kg3 Qc6 60.
Kh3 Qh1+ 1/2-1/2

[Event "9th Semana Santa Alicante"]
[Site "San Vicente ESP"]
[Date "2025.04.17"]
[Round "3.20"]
[White "Chylewski, Patryk"]
[Black "Stearman, Josiah"]
[Result "0-1"]
[WhiteTitle "IM"]
[BlackTitle "IM"]
[WhiteElo "2317"]
[BlackElo "2441"]
[WhiteFideId "1186191"]
[BlackFideId "2062496"]
[EventDate "2025.04.16"]

1. d4 Nf6 2. c4 e6 3. Nc3 d5 4. Bg5 Be7 5. e3 O-O 6. Nf3 b6 7. Bd3 h6 8. Bh4 Bb7
9. O-O Nbd7 10. cxd5 Nxd5 11. Bg3 c5 12. Ne4 cxd4 13. Nxd4 N7f6 14. Nxf6+ Bxf6
15. Qg4 Nb4 16. Be2 Qe7 17. a3 Bxd4 18. exd4 Nd5 19. Be5 Qg5 20. Qxg5 hxg5 21.
Bf3 f6 22. Bxd5 Bxd5 23. Bg3 Rac8 24. Rfc1 Rfd8 25. f3 Kf7 26. Bf2 Bb3 27. Be3
Bc2 28. Bd2 e5 29. d5 Rxd5 30. Bc3 Bb3 31. Bb4 Bc2 32. Bc3 Bf5 33. Bb4 a5 34.
Rxc8 Bxc8 35. Be1 g4 36. Rc1 gxf3 37. gxf3 Bd7 38. Rc7 Kg6 39. Rb7 Rd3 40. Kf2
Rxf3+ 41. Kg2 Re3 42. Kf2 Rf3+ 43. Kg2 Rd3 44. Rxb6 a4 45. Bb4 Rb3 46. Bc5 Rxb6
47. Bxb6 f5 48. Bc7 Kf6 49. h4 f4 50. Ba5 Kf5 51. Kf2 g6 52. Bb6 e4 53. Bc5 Kg4
54. Bd6 e3+ 0-1

[Event "9th Semana Santa Alicante"]
[Site "San Vicente ESP"]
[Date "2025.04.17"]
[Round "3.21"]
[White "Chasin, Nico"]
[Black "Uzcategui Rodriguez, Alejandro"]
[Result "1-0"]
[WhiteTitle "IM"]
[BlackTitle "FM"]
[WhiteElo "2435"]
[BlackElo "2312"]
[WhiteFideId "30908477"]
[BlackFideId "3903400"]
[EventDate "2025.04.16"]

1. Nf3 d5 2. g3 Nf6 3. Bg2 e6 4. c4 Bd6 5. d4 h6 6. O-O O-O 7. Qc2 b6 8. Nc3 Bb7
9. cxd5 exd5 10. Nb5 Nc6 11. Nxd6 cxd6 12. Bd2 Re8 13. e3 Rc8 14. Qd3 Qd7 15.
Rfc1 Ne7 16. Be1 Bc6 17. Nd2 Rc7 18. a4 Rec8 19. Qa3 Qd8 20. a5 Bd7 21. Rxc7
Qxc7 22. Nb1 Ne4 23. Nc3 Nxc3 24. Bxc3 Bf5 25. axb6 axb6 26. Qa7 Be4 27. Bh3 Nc6
28. Qxc7 Rxc7 29. Ra8+ Kh7 30. Bf1 Bf3 31. Bb5 Na7 32. Bd3+ g6 33. Rb8 Nc8 34.
Kf1 Kg7 35. h3 Be4 36. Ba6 Bf5 37. g4 Bd7 38. f3 Kf6 39. Ke2 Ke7 40. Bb7 Be6 41.
e4 Na7 42. Ba6 Bc8 43. Rxb6 Bxa6+ 44. Rxa6 Nb5 45. Kd3 dxe4+ 46. fxe4 Nxc3 47.
bxc3 Rb7 48. Kc2 Rb8 49. Ra7+ Ke6 50. h4 f5 51. gxf5+ gxf5 52. exf5+ Kxf5 53.
Ra5+ Kg4 54. h5 Kf4 55. Kd3 Rb6 56. Rd5 Ra6 57. Rb5 Rc6 58. c4 Ra6 59. Rd5 Ra3+
60. Kc2 Ra6 61. Kc3 Ke4 62. Kb4 Kd3 63. c5 dxc5+ 64. dxc5+ Ke4 65. Rd6 Ra1 66.
Kb5 Rb1+ 67. Kc6 Rc1 68. Kb6 1-0

[Event "9th Semana Santa Alicante"]
[Site "San Vicente ESP"]
[Date "2025.04.17"]
[Round "3.22"]
[White "Frayna, Janelle Mae"]
[Black "Prraneeth, Vuppala"]
[Result "0-1"]
[WhiteTitle "WGM"]
[BlackTitle "GM"]
[WhiteElo "2311"]
[BlackElo "2433"]
[WhiteFideId "5212499"]
[BlackFideId "46622373"]
[EventDate "2025.04.16"]

1. e4 c5 2. Nf3 d6 3. Bb5+ Nd7 4. a4 Nf6 5. Nc3 a6 6. Be2 g6 7. a5 Bg7 8. O-O
O-O 9. d3 b5 10. axb6 Bb7 11. h3 Nxb6 12. Bg5 h6 13. Bd2 Bc6 14. Qc1 Kh7 15. Rd1
e5 16. Nh2 d5 17. exd5 Nfxd5 18. Bf3 f5 19. Nxd5 Nxd5 20. c4 Ne7 21. Bc3 Bxf3
22. Nxf3 Nc6 23. Ra3 Re8 24. Qa1 Qb6 25. Nd2 Re6 26. Re1 Nd4 27. Bxd4 cxd4 28.
Rb3 Qc7 29. Qd1 Rae8 30. Qf3 Qa5 31. Qd1 e4 32. Rb7 e3 33. fxe3 Rxe3 34. Rf1
Rxd3 35. Nb3 Rxd1 36. Nxa5 Rd2 37. g4 Ree2 38. Rc1 d3 39. Rd7 Rg2+ 40. Kh1 Rh2+
41. Kg1 Rdg2+ 42. Kf1 Rxb2 0-1

[Event "9th Semana Santa Alicante"]
[Site "San Vicente ESP"]
[Date "2025.04.17"]
[Round "3.23"]
[White "Cieslak, Patryk"]
[Black "Moral Garcia, Serafin"]
[Result "1-0"]
[WhiteTitle "FM"]
[BlackTitle "FM"]
[WhiteElo "2432"]
[BlackElo "2311"]
[WhiteFideId "21078882"]
[BlackFideId "2201925"]
[EventDate "2025.04.16"]

1. e4 c5 2. Nf3 e6 3. d4 cxd4 4. Nxd4 Nc6 5. Be2 Qc7 6. c4 Bb4+ 7. Nc3 Nf6 8.
O-O O-O 9. Bg5 Bxc3 10. Bxf6 Bxd4 11. Bxd4 Nxd4 12. Qxd4 b6 13. Rfd1 Rd8 14. Rd3
e5 15. Qd6 Qxd6 16. Rxd6 Kf8 17. Rad1 Rb8 18. b3 Ke7 19. Bg4 Rb7 20. R6d5 f6 21.
f4 d6 22. Bxc8 Rxc8 23. Rxd6 exf4 24. R6d5 Rc6 25. Kf2 Ke6 26. h4 h6 27. h5 g5
28. hxg6 Rg7 29. Kf3 Rxg6 30. R1d2 Rc7 31. Kxf4 Rg5 32. g3 Rg6 33. Rd1 Rg5 34.
R1d2 Rg6 35. a4 Rg5 36. Rd1 Rg6 37. g4 Rg5 38. R1d2 Rg6 39. R2d3 Rg5 40. Rd1 Rg6
41. e5 fxe5+ 42. Rxe5+ Kf7 43. Rf5+ Kg7 44. Rd3 Re7 45. a5 bxa5 46. Rxa5 Rf6+
47. Rf5 Rb6 48. Rfd5 Reb7 49. Rd7+ Rxd7 50. Rxd7+ Kf6 51. Rd3 Rb4 52. Rh3 Kg6
53. Ke5 a5 54. c5 Kf7 55. Kd6 Ke8 56. Rxh6 Rxb3 57. Rh8+ Kf7 58. Ra8 Rd3+ 59.
Ke5 Ra3 60. c6 Rc3 61. Kd5 Rd3+ 62. Kc4 Rd1 63. Rxa5 Ke7 64. Rd5 Rc1+ 65. Kb5
Ke6 66. Rd2 Rb1+ 67. Kc5 Rc1+ 68. Kb6 Rb1+ 69. Kc7 Rc1 70. Re2+ Kf7 71. Kd7 Rd1+
72. Kc8 Rc1 73. c7 Rb1 74. g5 Rb3 75. Re5 1-0

[Event "9th Semana Santa Alicante"]
[Site "San Vicente ESP"]
[Date "2025.04.17"]
[Round "3.24"]
[White "Krstulovic, Alex"]
[Black "Sai Agni Jeevitesh, J"]
[Result "1-0"]
[WhiteTitle "IM"]
[BlackTitle "IM"]
[WhiteElo "2429"]
[BlackElo "2309"]
[WhiteFideId "760056"]
[BlackFideId "5070147"]
[EventDate "2025.04.16"]

1. d4 Nf6 2. Nf3 e6 3. Bf4 d5 4. e3 c5 5. Nbd2 Qb6 6. Rb1 Bd6 7. dxc5 Qxc5 8.
Bd3 O-O 9. O-O Qc7 10. Bxd6 Qxd6 11. e4 Nbd7 12. Re1 dxe4 13. Nxe4 Nxe4 14. Rxe4
Nf6 15. Rh4 Qc7 16. Qe2 Bd7 17. Ne5 g6 18. Qe3 Be8 19. Re1 Nd5 20. Qh6 f5 21.
Nf3 Qg7 22. Qxg7+ Kxg7 23. Ng5 Rh8 24. Nxe6+ Kf6 25. Nc5 Bc6 26. Kf1 Rac8 27.
Nb3 b6 28. Ba6 Rc7 29. Rd4 g5 30. Bc4 Nb4 31. c3 Nc2 32. Re6+ Kg7 33. Rd2 Be4
34. Bd5 Rd8 35. Bxe4 Rxd2 36. Nxd2 fxe4 37. Rxe4 b5 38. Ke2 1-0

[Event "9th Semana Santa Alicante"]
[Site "San Vicente ESP"]
[Date "2025.04.17"]
[Round "3.25"]
[White "Gormally, Daniel W"]
[Black "Safarov, Deniel"]
[Result "1-0"]
[WhiteTitle "GM"]
[BlackTitle "FM"]
[WhiteElo "2428"]
[BlackElo "2308"]
[WhiteFideId "406465"]
[BlackFideId "13619802"]
[EventDate "2025.04.16"]

1. d4 Nf6 2. Nf3 g6 3. Bg5 Bg7 4. Nbd2 O-O 5. c3 d6 6. e4 e5 7. dxe5 dxe5 8. Bc4
Qe7 9. O-O Nbd7 10. b4 Nb6 11. Bb3 Bd7 12. Re1 a5 13. a3 axb4 14. cxb4 Ba4 15.
Bxa4 Nxa4 16. Nc4 Qe6 17. Qc2 Nd7 18. Rac1 h6 19. Be3 b6 20. Red1 f5 21. Na5
Nac5 22. bxc5 bxa5 23. Qd2 Nf6 24. Bxh6 Nxe4 25. Qe3 Rfd8 26. h4 Bf6 27. Ng5
Nxg5 28. Bxg5 Kg7 29. c6 Rd6 30. Rxd6 Qxd6 31. Bxf6+ Qxf6 32. Rd1 Qxc6 33. Qxe5+
Kf7 34. h5 Re8 35. Qxa5 Rh8 36. hxg6+ Kxg6 37. Qe5 Rh4 38. Re1 Rc4 39. Re3 Rg4
40. f3 Rc4 41. f4 Qc5 42. Qe6+ Kg7 43. Kh2 Rxf4 44. Qd7+ 1-0

[Event "9th Semana Santa Alicante"]
[Site "San Vicente ESP"]
[Date "2025.04.17"]
[Round "3.26"]
[White "Chavez Suarez, Carlos Alberto"]
[Black "Garcia Ramos, Daniel"]
[Result "1/2-1/2"]
[WhiteTitle "FM"]
[BlackTitle "IM"]
[WhiteElo "2308"]
[BlackElo "2428"]
[WhiteFideId "3520676"]
[BlackFideId "32010311"]
[EventDate "2025.04.16"]

1. d4 Nf6 2. Nf3 d5 3. g3 e6 4. Bg2 Be7 5. O-O O-O 6. b3 b6 7. c4 c6 8. Nbd2 Bb7
9. Qc2 Nbd7 10. e4 dxe4 11. Nxe4 c5 12. Nxf6+ Bxf6 13. Ng5 Bxg5 14. Bxb7 Rb8 15.
Bxg5 Qxg5 16. Bc6 Rfd8 17. dxc5 bxc5 18. Rad1 Nf8 19. Qc3 Ng6 20. f4 Qe7 21. Qa5
h5 22. Be4 Nf8 23. Qc3 Rxd1 24. Rxd1 Rd8 25. Bf3 Rxd1+ 26. Bxd1 1/2-1/2

[Event "9th Semana Santa Alicante"]
[Site "San Vicente ESP"]
[Date "2025.04.17"]
[Round "3.27"]
[White "Sowinski, Pawel"]
[Black "Chueca Forcen, Alberto"]
[Result "1-0"]
[WhiteTitle "IM"]
[BlackTitle "IM"]
[WhiteElo "2428"]
[BlackElo "2302"]
[WhiteFideId "21881979"]
[BlackFideId "2269902"]
[EventDate "2025.04.16"]

1. Nf3 Nf6 2. c4 e6 3. g3 d5 4. d4 Be7 5. Bg2 O-O 6. O-O Nbd7 7. Qc2 c6 8. Rd1
b6 9. b3 Ba6 10. Nbd2 Rc8 11. e4 dxe4 12. Nxe4 Nxe4 13. Qxe4 c5 14. Qc2 Bf6 15.
Bb2 cxd4 16. Nxd4 Qc7 17. Rd2 Ne5 18. Qe4 Rfd8 19. Rad1 Ng6 20. h4 Nf8 21. Qe2
Rd7 22. Bc1 Rcd8 23. Nc6 Rxd2 24. Bxd2 Rd6 25. Nb4 Bb7 26. Bf4 e5 27. Be3 Bxg2
28. Kxg2 Rxd1 29. Qxd1 Be7 30. Nd5 Qd8 31. Qg4 Ne6 32. Qe4 Bd6 33. Nc3 g6 34.
Nb5 a6 35. Nc3 Kg7 36. Qd5 Qb8 37. Qc6 Bc5 38. Bxc5 bxc5 39. Qxa6 Qb4 40. Ne4
Qe1 41. Qb7 Qe2 42. Qd5 f6 43. Nxc5 Nxc5 44. Qxc5 f5 45. Qe3 Qb2 46. c5 e4 47.
a4 Qa2 48. Qc3+ Kh6 49. c6 f4 50. c7 f3+ 51. Kh3 Qxf2 52. c8=Q Qf1+ 53. Kg4 1-0

[Event "9th Semana Santa Alicante"]
[Site "San Vicente ESP"]
[Date "2025.04.17"]
[Round "3.28"]
[White "Oro, Faustino"]
[Black "Navrotescu, Andreea"]
[Result "1-0"]
[WhiteTitle "IM"]
[BlackTitle "WGM"]
[WhiteElo "2423"]
[BlackElo "2301"]
[WhiteFideId "20000197"]
[BlackFideId "675946"]
[EventDate "2025.04.16"]

1. d4 Nf6 2. c4 e6 3. Nf3 d5 4. cxd5 exd5 5. Nc3 c6 6. Bf4 Bf5 7. e3 Qb6 8. Bd3
Qxb2 9. Bxf5 Qxc3+ 10. Kf1 Nbd7 11. h4 Be7 12. h5 Nb6 13. g3 Nc4 14. Kg2 Qa3 15.
Rb1 b5 16. Ne5 Qa6 17. Qd3 Qb7 18. g4 h6 19. f3 Nd6 20. Rhc1 Nxf5 21. Qxf5 Rc8
22. Rxb5 Qa6 23. Ra5 Qe2+ 24. Kg3 O-O 25. Qc2 Qxc2 26. Rxc2 Bb4 27. Rxa7 Ra8 28.
Rxa8 Rxa8 29. Nxc6 Be1+ 30. Kg2 Ra3 31. Kf1 Ba5 32. Bd6 Ra4 33. Be5 Kf8 34. Bd6+
Ke8 35. Ne5 Kd8 36. Nxf7+ Kd7 37. Bf4 Ke7 38. Ne5 1-0

[Event "9th Semana Santa Alicante"]
[Site "San Vicente ESP"]
[Date "2025.04.17"]
[Round "3.29"]
[White "Lazaro Pujol, Abel"]
[Black "Gloeckler, Christian"]
[Result "0-1"]
[WhiteTitle "FM"]
[BlackTitle "FM"]
[WhiteElo "2307"]
[BlackElo "2423"]
[WhiteFideId "24596728"]
[BlackFideId "34608966"]
[EventDate "2025.04.16"]

1. e4 c5 2. Nf3 d6 3. d4 Nf6 4. Nc3 a6 5. h3 cxd4 6. Nxd4 e5 7. Nb3 Be7 8. Be3
h6 9. g4 Be6 10. Qf3 Nbd7 11. O-O-O Rb8 12. Nd5 Nf8 13. Kb1 Ng6 14. Rg1 Nh7 15.
Nxe7 Qxe7 16. Qg3 O-O 17. h4 Nxh4 18. f4 exf4 19. Bxf4 Rfd8 20. Bxd6 Nf3 21. Rg2
Nfg5 22. Bxe7 Rxd1+ 23. Nc1 Rxf1 24. Qe3 Bd7 25. Rg1 Rxg1 26. Qxg1 Nxe4 27. Nd3
Re8 28. Bh4 Nd2+ 29. Kc1 Nf3 30. Qg3 Bc6 31. Qf2 g5 32. Bg3 Nf6 33. b3 Nxg4 34.
Qc5 Nf6 35. Bf2 Kg7 36. a4 Be4 37. Ne1 Nxe1 38. Bxe1 Re6 39. Bc3 Rc6 40. Qe5 Kg6
41. b4 h5 42. b5 axb5 43. axb5 Re6 44. Qb8 Re8 45. Qd6 Re6 46. Qf8 h4 47. Qh8
Bg2 48. Bd4 h3 49. c4 Bf1 50. c5 Bxb5 51. Qxh3 Nh5 52. Qf3 Bc6 53. Qd3+ Be4 54.
Qa3 Nf4 55. Be3 Nd3+ 56. Kd2 Ra6 57. Qb3 Ne5 58. Bd4 Nf3+ 59. Ke3 Re6 60. Qc3
Nh4 61. Kf2 Nf5 62. Be3 Bc6 63. Bc1 Nh6 64. Qd3+ f5 65. Qd8 f4 66. Qd3+ Re4 67.
Qh3 g4 68. Qd3 g3+ 0-1

[Event "9th Semana Santa Alicante"]
[Site "San Vicente ESP"]
[Date "2025.04.17"]
[Round "3.30"]
[White "Espinosa Aranda, Angel"]
[Black "Povshednyi, Ivan"]
[Result "1/2-1/2"]
[WhiteTitle "IM"]
[BlackTitle "FM"]
[WhiteElo "2418"]
[BlackElo "2291"]
[WhiteFideId "2278189"]
[BlackFideId "14190907"]
[EventDate "2025.04.16"]

1. c4 e5 2. d3 d6 3. Nc3 f5 4. g3 Nf6 5. Bg2 Be7 6. Nh3 c6 7. e4 O-O 8. O-O Na6
9. a3 Nc5 10. b4 Ne6 11. exf5 Nd4 12. Ng5 Bxf5 13. Nge4 Qd7 14. Be3 Nxe4 15.
dxe4 Bg4 16. f3 Be6 17. Bxd4 exd4 18. Qxd4 Bf6 19. Qd3 Qf7 20. Rfd1 Bxc4 21. Qe3 1/2-1/2

[Event "9th Semana Santa Alicante"]
[Site "San Vicente ESP"]
[Date "2025.04.17"]
[Round "3.31"]
[White "Rey Martinez, Jaime"]
[Black "Movsziszian, Karen"]
[Result "0-1"]
[WhiteTitle "FM"]
[BlackTitle "GM"]
[WhiteElo "2302"]
[BlackElo "2417"]
[WhiteFideId "54549264"]
[BlackFideId "13301152"]
[EventDate "2025.04.16"]

1. b3 e5 2. Bb2 d6 3. e4 Nf6 4. Nc3 g6 5. d4 Nbd7 6. Nf3 c6 7. a4 Be7 8. Qd2 O-O
9. O-O-O a6 10. Bd3 b5 11. h4 h5 12. axb5 axb5 13. Nb1 Qc7 14. Rhe1 Re8 15. Qc3
Ra7 16. Nbd2 Ng4 17. Re2 Bf6 18. d5 Nc5 19. dxc6 Qxc6 20. Nb1 Qb6 21. Ne1 Bxh4
22. g3 Bg5+ 23. f4 Bf6 24. Qb4 Bd7 25. Nc3 Na6 26. Nd5 Nxb4 27. Nxb6 Bc6 28. Nd5
Nxd5 29. exd5 Bd7 30. Nf3 exf4 31. gxf4 Bxb2+ 32. Kxb2 Rxe2 33. Bxe2 Ne3 34. Rd3
Nf5 35. Ng5 Kg7 36. Ne4 Ra8 37. Bf3 Re8 38. Bh1 h4 39. Rc3 Rh8 40. Rc7 Be8 41.
Ng5 h3 42. Rc3 h2 43. Kc1 Rh4 44. Kd2 Rxf4 45. Rh3 Rh4 46. Rxh4 Nxh4 47. Ne4 Nf5
48. Ke2 Kf8 49. c3 Ke7 50. Kf2 f6 51. Kg2 Bf7 52. c4 bxc4 0-1

[Event "9th Semana Santa Alicante"]
[Site "San Vicente ESP"]
[Date "2025.04.17"]
[Round "3.32"]
[White "Krishna, C R G"]
[Black "Silva Lucena, Cristian"]
[Result "1/2-1/2"]
[WhiteTitle "IM"]
[BlackTitle "FM"]
[WhiteElo "2415"]
[BlackElo "2289"]
[WhiteFideId "5018625"]
[BlackFideId "2232588"]
[EventDate "2025.04.16"]

1. d4 d5 2. c4 e6 3. Nf3 Nf6 4. g3 c6 5. Nbd2 b6 6. Bg2 Be7 7. O-O O-O 8. Qc2
Bb7 9. e4 Na6 10. a3 c5 11. exd5 exd5 12. dxc5 Nxc5 13. b4 Nce4 14. Nxe4 Nxe4
15. cxd5 Bxd5 16. Bb2 Qc8 17. Qd3 Rd8 18. Rad1 Bf6 19. Bxf6 Nxf6 20. Rc1 Qb7 21.
Rfd1 Rdc8 22. Qf5 Rxc1 23. Rxc1 Be4 24. Qf4 Rc8 25. Rxc8+ Qxc8 26. Nd4 Bxg2 27.
Kxg2 h6 28. Qd6 Qc4 29. Nf3 Kh7 30. Qb8 Qa6 31. Ne5 Qe2 32. Nxf7 Qe4+ 33. Kg1
Qe1+ 34. Kg2 Qe4+ 35. Kg1 1/2-1/2